000 00373 a2200133 4500
001 87770
082 _aPR 147
090 _c41229
_d41229
100 _aEmmad Malik, Plt Off 15504
245 _aFSI modeling of a typical aircraft wing and flutter analysis using ANSYS 12.1
260 _aRisalpur
_bNUST Risalpur
_c2011
300 _aiii, 40p.
500 _aBE Project Reports
942 _aCAE NUST
_kPR 147
999 _c322843
_d322843